[Event "Open Olimpico A Maggio"]
[Site "Torino ITA"]
[Date "2006.05.27"]
[Round "7"]
[White "Minnican, Alan"]
[Black "Gallucci, Alessio"]
[Result "1-0"]
[WhiteElo "2150"]
[BlackElo "1787"]
[PlyCount "87"]
[EventDate "2006.05.22"]

1. c4 Nf6 2. Nc3 g6 3. e4 e5 4. Nf3 d6 5. d4 exd4 6. Nxd4 Bg7 7. Be2 Nc6 8. Be3
O-O 9. O-O Re8 10. f3 Be6 11. Qd2 d5 12. cxd5 Bxd5 13. Nxd5 Nxd5 14. Nxc6 bxc6
15. Bf2 Nb6 16. Qc2 Qf6 17. Rac1 Re6 18. b3 Rd8 19. Rfd1 Red6 20. Rxd6 Rxd6 21.
Bg3 Qd4+ 22. Kf1 Be5 23. f4 Bg7 24. Bf2 Qd2 25. e5 Rd8 26. Qxd2 Rxd2 27. Rxc6
Rxa2 28. Rxc7 Bf8 29. Bxb6 axb6 30. Bc4 Bc5 31. Rxf7 Rf2+ 32. Ke1 Rxg2 33. e6
Rxh2 34. e7 Bxe7 35. Rxe7+ Kf8 36. Rf7+ Ke8 37. Kf1 Rd2 38. Rxh7 Rd4 39. Rh4
Ke7 40. Kf2 Kf6 41. Ke3 Rd1 42. Bd3 Rg1 43. Rh8 g5 44. Rh6+ 1-0

[Event "Open Olimpico A Maggio"]
[Site "Torino ITA"]
[Date "2006.05.27"]
[Round "7"]
[White "Monge, Maurizio"]
[Black "Faraoni, Enrico"]
[Result "0-1"]
[WhiteElo "1793"]
[BlackElo "2135"]
[PlyCount "70"]
[EventDate "2006.05.22"]

1. d4 Nf6 2. c4 g6 3. Nc3 Bg7 4. e4 d6 5. f3 O-O 6. Be3 Nc6 7. Qd2 a6 8. Nge2
Rb8 9. Ng3 e5 10. d5 Nd4 11. Nge2 c5 12. dxc6 bxc6 13. Nxd4 exd4 14. Bxd4 Re8
15. Be2 d5 16. exd5 cxd5 17. c5 Rb4 18. O-O Ne4 19. fxe4 Rxd4 20. Qf4 f5 21.
Rfd1 dxe4 22. Bc4+ Kh8 23. Qf1 Qc7 24. Kh1 Qxc5 25. Bxa6 Qb6 26. Bb5 Red8 27.
Na4 Qd6 28. Rdc1 Rd2 29. Rab1 Bb7 30. Be2 e3 31. Nc3 Be5 32. Bf3 Rf2 33. Qb5
Bxf3 34. gxf3 Rxh2+ 35. Kg1 Bxc3 0-1

[Event "Open Olimpico A Maggio"]
[Site "Torino ITA"]
[Date "2006.05.27"]
[Round "7"]
[White "Naumkin, Igor"]
[Black "Nolte, Rolando"]
[Result "1/2-1/2"]
[WhiteElo "2415"]
[BlackElo "2372"]
[PlyCount "79"]
[EventDate "2006.05.22"]

1. d4 Nf6 2. c4 e6 3. Nf3 d5 4. Nc3 Be7 5. Bg5 O-O 6. e3 h6 7. Bh4 Ne4 8. Bxe7
Qxe7 9. Rc1 c6 10. Bd3 Nxc3 11. Rxc3 dxc4 12. Bxc4 Nd7 13. O-O e5 14. Bb3 exd4
15. exd4 Nb6 16. Re1 Qd6 17. Ne5 Nd5 18. Rg3 Be6 19. Bc2 Nf6 20. Qd2 Kh8 21.
Rf3 Bd5 22. Rh3 Ng8 23. Qd3 g6 24. Qd2 Kg7 25. Ree3 Be6 26. Rh4 Rad8 27. Qc3
Bd5 28. Rg3 Rde8 29. Rhg4 Re6 30. f4 Ne7 31. f5 Rf6 32. Rf4 b6 33. Qd2 h5 34.
Rh4 Rxf5 35. Bxf5 Nxf5 36. Rxh5 Nxg3 37. Qh6+ Kf6 38. hxg3 Ke7 39. Rh4 Kd8 40.
a3 1/2-1/2

[Event "Open Olimpico A Maggio"]
[Site "Torino ITA"]
[Date "2006.05.27"]
[Round "7"]
[White "Parodi, Alessandro"]
[Black "Boetto, Massimo"]
[Result "0-1"]
[WhiteElo "1928"]
[BlackElo "2003"]
[PlyCount "68"]
[EventDate "2006.05.22"]

1. d4 Nf6 2. c4 g6 3. Nc3 Bg7 4. e4 d6 5. f3 O-O 6. Be3 Nc6 7. Nge2 a6 8. Qd2
Rb8 9. h4 h5 10. O-O-O b5 11. Bh6 bxc4 12. Bxg7 Kxg7 13. Nf4 e5 14. dxe5 Nxe5
15. Kb1 Be6 16. Be2 Qd7 17. Ncd5 Nxd5 18. Nxd5 Bxd5 19. Qxd5 Rb5 20. Qd4 Rfb8
21. Rd2 c5 22. Qc3 f6 23. Bxc4 Rb4 24. Be2 Qb7 25. Rc1 Nc6 26. Ka1 Nd4 27. Bc4
Qb6 28. b3 a5 29. Rb1 a4 30. Rdb2 Qa5 31. Qd3 axb3 32. Bxb3 Qa3 33. Rd1 Rxb3
34. Rxb3 Nxb3+ 0-1

[Event "Open Olimpico A Maggio"]
[Site "Torino ITA"]
[Date "2006.05.27"]
[Round "7"]
[White "Piantoni, Pierino"]
[Black "Ronzano, Luca"]
[Result "1-0"]
[WhiteElo "1983"]
[BlackElo "1847"]
[PlyCount "60"]
[EventDate "2006.05.22"]

1. c4 f5 2. Nc3 Nf6 3. d3 e6 4. e4 fxe4 5. dxe4 e5 6. f4 Nc6 7. Nf3 Bb4 8. fxe5
Nxe4 9. Qd3 Nc5 10. Qd5 Ne7 11. Qd4 Nf5 12. Qd1 O-O 13. a3 Bxc3+ 14. bxc3 d6
15. Bg5 Qe8 16. Be2 Be6 17. O-O Ne4 18. Bd3 Nxg5 19. Nxg5 Rd8 20. Qg4 g6 21.
exd6 Rxd6 22. Rae1 Nh6 23. Qh4 Rxf1+ 24. Rxf1 Kg7 25. Re1 Qd7 26. c5 Rc6 27.
Bb5 Bd5 28. Qd4+ Kg8 29. Bc4 Kf8 30. Bxd5 Ra6 1-0

[Event "Open Olimpico A Maggio"]
[Site "Torino ITA"]
[Date "2006.05.27"]
[Round "7"]
[White "Rodriguez Alvarez, Alan"]
[Black "Torrione, William"]
[Result "1-0"]
[WhiteElo "2178"]
[BlackElo "1854"]
[PlyCount "61"]
[EventDate "2006.05.22"]

1. e4 e6 2. d4 d5 3. Nd2 Nf6 4. e5 Nfd7 5. f4 c5 6. Ne2 Nc6 7. Nf3 f6 8. c3
cxd4 9. cxd4 Bb4+ 10. Bd2 Bxd2+ 11. Qxd2 O-O 12. Nc3 a6 13. Rc1 Qb6 14. Bd3 Rf7
15. Bb1 f5 16. O-O h6 17. Kh1 g6 18. Rcd1 Qd8 19. Rg1 h5 20. Ng5 Re7 21. h3 Nf8
22. g4 hxg4 23. hxg4 Nh7 24. gxf5 Nxg5 25. Rxg5 Rh7+ 26. Kg2 exf5 27. Rxg6+ Kf7
28. Rf6+ Ke7 29. Rg1 Qh8 30. Nxd5+ Kd8 31. Rd6+ 1-0

[Event "Open Olimpico A Maggio"]
[Site "Torino ITA"]
[Date "2006.05.27"]
[Round "7"]
[White "Saccona, Silvano"]
[Black "Khalil, Ibrahim"]
[Result "1/2-1/2"]
[WhiteElo "2162"]
[BlackElo "2064"]
[PlyCount "39"]
[EventDate "2006.05.22"]

1. e4 e6 2. Qe2 Qe7 3. Nc3 Nf6 4. Nf3 d5 5. g3 b6 6. Bg2 Bb7 7. exd5 exd5 8.
Qxe7+ Bxe7 9. O-O O-O 10. Nd4 Re8 11. d3 c6 12. Bf4 Nh5 13. Bd2 g6 14. Rfe1 Na6
15. Bh3 Bf6 16. Nb3 Nb4 17. Rec1 c5 18. a3 Na6 19. Re1 c4 20. Nc1 1/2-1/2

[Event "Open Olimpico A Maggio"]
[Site "Torino ITA"]
[Date "2006.05.27"]
[Round "7"]
[White "Sardo, Gabriele"]
[Black "Bohaddoune, Oussama"]
[Result "1/2-1/2"]
[WhiteElo "2186"]
[BlackElo "2206"]
[PlyCount "67"]
[EventDate "2006.05.22"]

1. e4 e5 2. Nf3 Nf6 3. Nxe5 d6 4. Nf3 Nxe4 5. d4 d5 6. Bd3 Bd6 7. O-O O-O 8. c4
c6 9. cxd5 cxd5 10. Nc3 Nxc3 11. bxc3 Bg4 12. Rb1 Nd7 13. h3 Bh5 14. Rb5 Nb6
15. c4 Bxf3 16. Qxf3 dxc4 17. Bc2 Qd7 18. Rh5 g6 19. Ra5 f5 20. Bh6 Rf7 21. Rb1
Qe6 22. Kf1 Re7 23. g3 Bc7 24. Kg2 Qe2 25. Qxe2 Rxe2 26. Bd1 Re7 27. Bf3 Bd8
28. Bg5 Rc7 29. Rxb6 Bxg5 30. Rxb7 Rxb7 31. Bxb7 Rd8 32. Bd5+ Kh8 33. Bxc4 Rxd4
34. Bb3 1/2-1/2

[Event "Open Olimpico A Maggio"]
[Site "Torino ITA"]
[Date "2006.05.27"]
[Round "7"]
[White "Sellitti, Federico"]
[Black "Vozza, Nicola"]
[Result "1-0"]
[WhiteElo "2124"]
[BlackElo "1997"]
[PlyCount "65"]
[EventDate "2006.05.22"]

1. e4 e6 2. d4 d5 3. Nd2 Be7 4. Bd3 dxe4 5. Nxe4 Nf6 6. Nxf6+ Bxf6 7. c3 Nd7 8.
Nf3 c5 9. Be3 Qc7 10. O-O c4 11. Bb1 O-O 12. Bg5 Bxg5 13. Nxg5 Nf6 14. f4 Bd7
15. Qc2 g6 16. Qf2 Kg7 17. Qg3 Qb6 18. Rf2 Bc6 19. Re2 h6 20. Nh3 Rad8 21. Nf2
Rd5 22. Ng4 Nxg4 23. Qxg4 Rb5 24. Rxe6 Rg5 25. fxg5 Qxb2 26. gxh6+ Kh8 27. Qe2
Qc1+ 28. Qe1 Qb2 29. Qe5+ f6 30. Qg3 Bxg2 31. Qxg2 Qxc3 32. Qe4 Qxa1 33. Re8
1-0

[Event "Open Olimpico A Maggio"]
[Site "Torino ITA"]
[Date "2006.05.27"]
[Round "7"]
[White "Sgaravatti, Francesco"]
[Black "Avalos Parra, Joao"]
[Result "0-1"]
[WhiteElo "2124"]
[BlackElo "2262"]
[PlyCount "112"]
[EventDate "2006.05.22"]

1. e4 e6 2. Nf3 c5 3. c3 d5 4. exd5 exd5 5. d4 Nf6 6. Bb5+ Nc6 7. Ne5 Bd7 8.
Nxd7 Qxd7 9. O-O c4 10. Nd2 Be7 11. Nf3 O-O 12. Ne5 Qc7 13. Nxc6 bxc6 14. Ba4
Bd6 15. g3 Rae8 16. Kg2 Re6 17. Bc2 Rfe8 18. Be3 Ne4 19. Qh5 g6 20. Qh3 f5 21.
Bh6 Qb8 22. Rab1 Nf6 23. b3 Qc7 24. bxc4 dxc4 25. Bd1 Qa5 26. Bf3 Nd5 27. Rb7
R6e7 28. Rfb1 Qxc3 29. Bg5 Rxb7 30. Rxb7 Nc7 31. Bf6 Qe1 32. Qh6 Bf8 33. Qh4
Bd6 34. Bxc6 Qe6 35. Bxe8 Qd5+ 36. Kh3 Qxb7 37. Bd7 Qd5 38. Ba4 Qe6 39. Be5
Bxe5 40. dxe5 f4+ 41. Qg4 Qxe5 42. Qc8+ Kg7 43. Qd7+ Kh6 44. Qd2 Nd5 45. Bd1 c3
46. Qd3 Qf5+ 47. Qxf5 gxf5 48. a3 Nb6 49. Bb3 Nc4 50. a4 Na3 51. Kg2 fxg3 52.
hxg3 c2 53. Bxc2 Nxc2 54. Kf3 Kg5 55. Ke2 Nb4 56. f3 h5 0-1

[Event "Open Olimpico A Maggio"]
[Site "Torino ITA"]
[Date "2006.05.27"]
[Round "7"]
[White "Spatola, Davide"]
[Black "Llupa, Oltjon"]
[Result "1-0"]
[WhiteElo "2116"]
[BlackElo "1995"]
[PlyCount "79"]
[EventDate "2006.05.22"]

1. d4 d5 2. Nf3 c6 3. c3 Bg4 4. Nbd2 Nf6 5. Qc2 h6 6. Ne5 Nbd7 7. Nxg4 Nxg4 8.
Qf5 Ngf6 9. e4 e6 10. Qf4 dxe4 11. Nxe4 Be7 12. Nd6+ Bxd6 13. Qxd6 Qb6 14. Bc4
O-O-O 15. O-O g5 16. a4 a5 17. Rb1 Nd5 18. Qa3 N7f6 19. Re1 Qc7 20. b4 axb4 21.
cxb4 Ng4 22. g3 h5 23. Bxg5 Rdg8 24. Bh4 Nf4 25. b5 Nh3+ 26. Kf1 Nhxf2 27. bxc6
Qxc6 28. Bxe6+ Kb8 29. Bxg4 Nxg4 30. Kg1 Re8 31. Be7 h4 32. Rb5 hxg3 33. Bd6+
Kc8 34. Rc1 gxh2+ 35. Bxh2 Re1+ 36. Rxe1 Nxh2 37. Rc1 Rg8+ 38. Kxh2 Rh8+ 39.
Kg3 Rg8+ 40. Kf4 1-0

[Event "Open Olimpico A Maggio"]
[Site "Torino ITA"]
[Date "2006.05.27"]
[Round "7"]
[White "Valenti, Giuseppe"]
[Black "Astengo, Marcello"]
[Result "1-0"]
[WhiteElo "2271"]
[BlackElo "2096"]
[PlyCount "66"]
[EventDate "2006.05.22"]

1. e4 e6 2. d4 d5 3. e5 c5 4. c3 Nc6 5. Nf3 Bd7 6. a3 Rc8 7. Be2 cxd4 8. cxd4
Nge7 9. b4 Nf5 10. Bb2 Be7 11. Nc3 O-O 12. Qd2 f6 13. g4 Nh6 14. exf6 Bd6 15.
fxg7 Kxg7 16. g5 Ng8 17. h4 Rf5 18. h5 Qf8 19. Qd3 h6 20. Rg1 Kh8 21. Nh4 Nge7
22. Nxf5 Nxf5 23. Bg4 Nh4 24. g6 Bh2 25. Rh1 Qf4 26. Qh3 Nxb4 27. axb4 Rxc3 28.
Bxc3 Qe4+ 29. Kd1 Qxh1+ 30. Kc2 Qe4+ 31. Kb3 Ng2 32. Qxh2 Qxg4 33. Qd6 Ne3 1-0

[Event "Open Olimpico A Maggio"]
[Site "Torino ITA"]
[Date "2006.05.27"]
[Round "7"]
[White "Villalba, Fernando"]
[Black "Palmisano, Giuseppe"]
[Result "1-0"]
[WhiteElo "1892"]
[BlackElo "1951"]
[PlyCount "54"]
[EventDate "2006.05.22"]

1. e4 c5 2. Nf3 d6 3. d4 cxd4 4. Nxd4 Nf6 5. Nc3 a6 6. Be2 e6 7. O-O Be7 8. h3
Qc7 9. a3 Nc6 10. Nxc6 bxc6 11. Bf3 d5 12. exd5 cxd5 13. Bg5 O-O 14. Qc1 Bb7
15. Re1 Rfd8 16. Qf4 Qxf4 17. Bxf4 Bd6 18. Bg5 Be7 19. Nd1 Rd7 20. Ne3 Rc8 21.
c3 Ne8 22. Bxe7 Rxe7 23. Nxd5 Bxd5 24. Bxd5 Rd7 25. Bf3 Rd2 26. Re2 Rcd8 27.
Rxd2 Rxd2 1-0

[Event "Open Olimpico A Maggio"]
[Site "Torino ITA"]
[Date "2006.05.27"]
[Round "7"]
[White "Zangrando, Gianpietro"]
[Black "D'Amico, Antonino"]
[Result "0-1"]
[WhiteElo "1939"]
[BlackElo "1901"]
[PlyCount "56"]
[EventDate "2006.05.22"]

1. d4 Nf6 2. g3 g6 3. Bg2 Bg7 4. e4 d6 5. Ne2 O-O 6. O-O e5 7. d5 Nbd7 8. c4 a5
9. Nbc3 Nc5 10. Bg5 h6 11. Be3 Nfd7 12. Na4 b6 13. Nxc5 Nxc5 14. a3 f5 15. Nc3
f4 16. Bxc5 bxc5 17. g4 Qh4 18. f3 h5 19. h3 hxg4 20. hxg4 Kf7 21. Rf2 Rh8 22.
Kf1 Bd7 23. Ke2 Rab8 24. Qc2 Qg3 25. Ke1 Rh2 26. Kf1 Rbh8 27. Rd1 Bxg4 28. fxg4
Rh1+ 0-1

[Event "Open Olimpico A Maggio"]
[Site "Torino ITA"]
[Date "2006.05.27"]
[Round "7"]
[White "Zuluaga, Cesar"]
[Black "Messina, Marco"]
[Result "1-0"]
[WhiteElo "2226"]
[BlackElo "2034"]
[PlyCount "73"]
[EventDate "2006.05.22"]

1. d4 d5 2. Nf3 c6 3. g3 Nf6 4. Bg2 Bf5 5. O-O e6 6. c4 Nbd7 7. Qb3 Qb6 8. c5
Qxb3 9. axb3 Be7 10. b4 O-O 11. Nc3 Ne4 12. Ne1 Nxc3 13. bxc3 a5 14. bxa5 b6
15. cxb6 Nxb6 16. f3 Nc4 17. a6 Rfb8 18. e4 Bg6 19. Rf2 Nd6 20. Bf4 Rb6 21.
Rfa2 Ra7 22. Bxd6 Bxd6 23. Nd3 f6 24. Nc5 Bxc5 25. dxc5 Rb8 26. Ra4 Rba8 27.
Bf1 Be8 28. Rb4 Bd7 29. Rb6 Kf7 30. Kf2 dxe4 31. fxe4 e5 32. Rd1 Rc7 33. Rb7
Ra7 34. Rxa7 Rxa7 35. Rb1 Bc8 36. Rb6 Rc7 37. Rb8 1-0

[Event "Open Olimpico A Maggio"]
[Site "Torino ITA"]
[Date "2006.05.28"]
[Round "8"]
[White "Abbura', Davide"]
[Black "Parodi, Alessandro"]
[Result "1/2-1/2"]
[WhiteElo "1739"]
[BlackElo "1928"]
[PlyCount "44"]
[EventDate "2006.05.22"]

1. e4 d6 2. d4 Nf6 3. Nc3 g6 4. Be3 c6 5. e5 dxe5 6. dxe5 Nd5 7. Bc4 Be6 8.
Nxd5 Bxd5 9. Bxd5 cxd5 10. f4 Nc6 11. c3 Qd7 12. Nf3 h6 13. O-O Bg7 14. Qc2 e6
15. Rad1 O-O 16. Qd2 b6 17. g4 Kh8 18. Kh1 Rg8 19. Rg1 Qb7 20. Qg2 Ne7 21. Bd4
Raf8 22. Qh3 Nc6 1/2-1/2

[Event "Open Olimpico A Maggio"]
[Site "Torino ITA"]
[Date "2006.05.28"]
[Round "8"]
[White "Astengo, Marcello"]
[Black "Jones, Alessandro"]
[Result "1-0"]
[WhiteElo "2096"]
[BlackElo "1824"]
[PlyCount "71"]
[EventDate "2006.05.22"]

1. d4 d5 2. c4 c6 3. Nc3 Nf6 4. cxd5 cxd5 5. Bg5 e6 6. e3 Be7 7. Bd3 O-O 8. Nf3
b6 9. Qe2 Bb7 10. O-O Nc6 11. Rac1 Qd7 12. Bb5 Rfc8 13. Ne5 Qd8 14. f4 a5 15.
f5 Nxe5 16. dxe5 Ne4 17. Bxe7 Nxc3 18. Bxd8 Nxe2+ 19. Bxe2 Rxd8 20. fxe6 fxe6
21. Rc7 Ba6 22. Bxa6 Rxa6 23. Rff7 Raa8 24. Rxg7+ Kh8 25. Rxh7+ Kg8 26. Rcg7+
Kf8 27. Re7 Rac8 28. Rxe6 Rc1+ 29. Kf2 Rc2+ 30. Kf3 Rxb2 31. Rh8+ Kf7 32. Rf6+
Ke7 33. Rh7+ Ke8 34. Rff7 Rc8 35. Rb7 Rxa2 36. Rh8# 1-0

[Event "Open Olimpico A Maggio"]
[Site "Torino ITA"]
[Date "2006.05.28"]
[Round "8"]
[White "Banchio, Davide"]
[Black "Monge, Maurizio"]
[Result "1-0"]
[WhiteElo "1931"]
[BlackElo "1793"]
[PlyCount "79"]
[EventDate "2006.05.22"]

1. e4 e5 2. f4 exf4 3. Nf3 d6 4. d4 g5 5. Bc4 Be6 6. Bxe6 fxe6 7. h4 g4 8. Ng5
h5 9. Nxe6 Qe7 10. d5 Bh6 11. Qd4 Rh7 12. Nc3 Na6 13. O-O f3 14. Bxh6 Nxh6 15.
Ng5 Rg7 16. Rae1 O-O-O 17. Ne6 Qxh4 18. Qxg7 g3 19. Rxf3 Qh2+ 20. Kf1 Qh1+ 21.
Ke2 Qxg2+ 22. Ke3 Ng4+ 23. Kf4 Qd2+ 24. Ree3 g2 25. Ne2 Qxe2 26. Rxe2 g1=Q 27.
Nxd8 Kxd8 28. Qf8+ Kd7 29. Qf7+ Kd8 30. Qxh5 Ne5 31. Rg3 Qc1+ 32. Kf5 Qf1+ 33.
Kg5 Nc5 34. Kh6 Qf6+ 35. Kh7 Ncd7 36. Qg5 Ke7 37. Qxf6+ Nxf6+ 38. Kh6 Nf7+ 39.
Kg6 Nd7 40. Rh2 1-0

[Event "Open Olimpico A Maggio"]
[Site "Torino ITA"]
[Date "2006.05.28"]
[Round "8"]
[White "Bohaddoune, Oussama"]
[Black "Salvador, Roland"]
[Result "0-1"]
[WhiteElo "2206"]
[BlackElo "2396"]
[PlyCount "70"]
[EventDate "2006.05.22"]

1. e4 c5 2. Nf3 Nc6 3. Bb5 Nf6 4. Nc3 Qc7 5. O-O Nd4 6. Bc4 a6 7. a4 d6 8. h3
Rb8 9. Re1 b5 10. axb5 axb5 11. Bf1 b4 12. Nd5 Nxd5 13. exd5 g6 14. c3 Nxf3+
15. Qxf3 Bg7 16. Qe3 e5 17. dxe6 Bxe6 18. Bc4 O-O 19. Bxe6 Rbe8 20. Qf4 Be5 21.
Qg4 Rxe6 22. Kh1 h5 23. Qc4 Rfe8 24. d4 Bxd4 25. Rxe6 Rxe6 26. Bf4 bxc3 27.
bxc3 Bxf2 28. Qa2 Be3 29. Qa8+ Kg7 30. Bg3 Qe7 31. Qb8 Qf6 32. Rd1 d5 33. Kh2
h4 34. Bc7 Qxc3 35. Qd8 Bf2 0-1

[Event "Open Olimpico A Maggio"]
[Site "Torino ITA"]
[Date "2006.05.28"]
[Round "8"]
[White "Bozzali, Ermanno"]
[Black "Saccona, Silvano"]
[Result "0-1"]
[WhiteElo "2089"]
[BlackElo "2162"]
[PlyCount "74"]
[EventDate "2006.05.22"]

1. e4 c6 2. d4 d5 3. Nc3 dxe4 4. Nxe4 Nf6 5. Nxf6+ exf6 6. c3 Bd6 7. Bd3 O-O 8.
Ne2 Qc7 9. Qc2 h6 10. h3 Re8 11. Be3 Be6 12. O-O Nd7 13. c4 Qb8 14. Qd2 f5 15.
Rad1 Nf6 16. Nf4 Bd7 17. c5 Bc7 18. Bc4 g5 19. Ng6 f4 20. Qc2 fxe3 21. fxe3 Nd5
22. Ne5 Bxe5 23. Rxf7 Kxf7 24. Qh7+ Bg7 25. Rf1+ Ke7 26. Qxg7+ Kd8 27. Bxd5
cxd5 28. Qxh6 Qc7 29. Qxg5+ Kc8 30. Rf7 Qc6 31. Qf4 Qe6 32. Kf2 a5 33. h4 Ra6
34. b3 Qe4 35. h5 Rae6 36. g4 R6e7 37. Rf6 Bxg4 0-1

[Event "Open Olimpico A Maggio"]
[Site "Torino ITA"]
[Date "2006.05.28"]
[Round "8"]
[White "Canonne, Antoine"]
[Black "Rodriguez Alvarez, Alan"]
[Result "1/2-1/2"]
[WhiteElo "2052"]
[BlackElo "2178"]
[PlyCount "111"]
[EventDate "2006.05.22"]

1. e4 c5 2. Nc3 e6 3. f4 d5 4. Bb5+ Nc6 5. Nf3 Nf6 6. exd5 exd5 7. O-O Be7 8.
Ne5 Qd6 9. Re1 O-O 10. Bxc6 bxc6 11. d3 Re8 12. Bd2 Rb8 13. b3 Qc7 14. Qf3 Bd6
15. Na4 Nd7 16. Ng4 Rxe1+ 17. Rxe1 f5 18. Nf2 Nf6 19. h3 Bd7 20. c4 Rf8 21. Kh1
g6 22. g3 h5 23. Re2 Qb7 24. Qg2 Kf7 25. h4 Ng4 26. Nh3 Nf6 27. Qg1 d4 28. Qe1
Re8 29. Ng5+ Kf8 30. Rxe8+ Nxe8 31. Nf3 Ng7 32. Ne5 Be8 33. Kg2 Bf7 34. Nf3 Ne6
35. Ng5 Nc7 36. Ba5 Na6 37. Ne6+ Kg8 38. Kf3 Qd7 39. Ng5 Kg7 40. Qe2 Bg8 41.
Qe1 Nb4 42. Bxb4 cxb4 43. Qe2 c5 44. Kf2 Kf6 45. Qf3 Qe8 46. Qe2 Qc8 47. Qf3
Kg7 48. Qe2 Kh6 49. Qe1 Qd7 50. Qe2 Kg7 51. Nb2 Kf6 52. Na4 Qc8 53. Nb2 Qc6 54.
Qf3 Qxf3+ 55. Kxf3 Be6 56. Nxe6 1/2-1/2

[Event "Open Olimpico A Maggio"]
[Site "Torino ITA"]
[Date "2006.05.28"]
[Round "8"]
[White "Crepaldi, Manuele"]
[Black "Pieri, Enzo"]
[Result "1/2-1/2"]
[WhiteElo "1772"]
[BlackElo "1940"]
[PlyCount "88"]
[EventDate "2006.05.22"]

1. d4 d5 2. c4 c6 3. Nf3 Nf6 4. Nc3 e6 5. Bg5 Be7 6. e3 Nbd7 7. Bd3 O-O 8. O-O
dxc4 9. Bxc4 Nd5 10. Bxe7 Qxe7 11. Rc1 Nxc3 12. Rxc3 e5 13. dxe5 Nxe5 14. Nxe5
Qxe5 15. Qb3 b6 16. Rd1 Bf5 17. e4 Bxe4 18. Re3 Qf5 19. Qc3 c5 20. Rg3 g6 21.
f3 Bb7 22. h4 Rad8 23. Rf1 Rd4 24. Rg5 Qf4 25. Rg4 Qd2 26. Rxd4 Qxd4+ 27. Qxd4
cxd4 28. Rd1 Rd8 29. Rd3 Kg7 30. Kf2 f5 31. Kg3 Kf6 32. Kf4 h6 33. Kg3 a6 34.
a4 a5 35. Rb3 Rd6 36. Bb5 Bc6 37. Bxc6 Rxc6 38. Rb5 Rd6 39. Kf2 h5 40. Ke2 Ke6
41. Kd3 Kd7 42. b4 axb4 43. Rxb4 Ke6 44. Rxd4 Rc6 1/2-1/2

[Event "Open Olimpico A Maggio"]
[Site "Torino ITA"]
[Date "2006.05.28"]
[Round "8"]
[White "D'Amico, Antonino"]
[Black "Leoni, Alessandro"]
[Result "1-0"]
[WhiteElo "1901"]
[BlackElo "1835"]
[PlyCount "101"]
[EventDate "2006.05.22"]

1. d4 Nf6 2. Nf3 d5 3. e3 g6 4. Bd3 Bg7 5. Nbd2 O-O 6. b3 Nbd7 7. Bb2 c5 8. O-O
b6 9. Rc1 Bb7 10. Qe2 Ne4 11. c4 cxd4 12. exd4 Nxd2 13. Nxd2 dxc4 14. bxc4 Rc8
15. f4 Nc5 16. Nb3 Nxb3 17. axb3 Bxd4+ 18. Bxd4 Qxd4+ 19. Kh1 Rfd8 20. Rcd1 Qc3
21. f5 Rc7 22. fxg6 hxg6 23. Qf2 Qg7 24. Bxg6 Rxd1 25. Bxf7+ Kh7 26. Qf5+ Kh8
27. Qh5+ Qh7 28. Qxd1 Qg7 29. Bd5 Bxd5 30. Qxd5 e5 31. Rf3 Qe7 32. Rh3+ Kg7 33.
Rg3+ Kf6 34. Qf3+ Ke6 35. Rg6+ Kd7 36. Qd5+ Ke8 37. Rg8+ Qf8 38. Rxf8+ Kxf8 39.
Qxe5 Re7 40. Qd6 Ke8 41. h4 Rd7 42. Qg6+ Kd8 43. h5 b5 44. cxb5 a6 45. bxa6 Kc8
46. h6 Rd6 47. Qf5+ Kb8 48. Qe5 Kc8 49. Qg7 Rd7 50. Qxd7+ Kxd7 51. a7 1-0

[Event "Open Olimpico A Maggio"]
[Site "Torino ITA"]
[Date "2006.05.28"]
[Round "8"]
[White "Faraoni, Enrico"]
[Black "Ferretti, Carlo"]
[Result "0-1"]
[WhiteElo "2135"]
[BlackElo "1991"]
[PlyCount "106"]
[EventDate "2006.05.22"]

1. e4 e5 2. f4 Nf6 3. Nc3 d5 4. exd5 Nxd5 5. Nf3 exf4 6. Bc4 Be6 7. Bxd5 Bxd5
8. Qe2+ Be7 9. d4 Nc6 10. O-O Bxf3 11. Qxf3 Qxd4+ 12. Kh1 O-O 13. Bxf4 Bd6 14.
Be3 Qh4 15. g3 Qh3 16. Ne4 Ne5 17. Qe2 Qe6 18. Rad1 Ng4 19. Ng5 Qxe3 20. Qxg4
Qc5 21. c4 Qc6+ 22. Rd5 Be7 23. Nf3 Qg6 24. Qf4 Bd6 25. Qd4 Qf6 26. Qxf6 gxf6
27. Nd4 Be5 28. Nf5 Rad8 29. Rfd1 Rxd5 30. Rxd5 b6 31. b3 Re8 32. Rd7 Rf8 33.
Kg2 a5 34. Kf3 h5 35. Ke4 Kh7 36. Ne7 Re8 37. Kf5 Kg7 38. a3 Bd6 39. Nc6 Re2
40. b4 Rxh2 41. Nd8 Rf2+ 42. Ke4 Kg6 43. Nxf7 Re2+ 44. Kf3 Re7 45. Rxd6 cxd6
46. Nxd6 axb4 47. axb4 Re6 48. c5 bxc5 49. bxc5 Re5 50. Nb7 Re7 51. c6 Rc7 52.
Nd8 Kf5 53. Kf2 Rc8 0-1

[Event "Open Olimpico A Maggio"]
[Site "Torino ITA"]
[Date "2006.05.28"]
[Round "8"]
[White "Gallucci, Alessio"]
[Black "Forno, Roberto"]
[Result "1-0"]
[WhiteElo "1787"]
[BlackElo "1999"]
[PlyCount "83"]
[EventDate "2006.05.22"]

1. e4 g6 2. d4 Bg7 3. f4 d6 4. Nf3 c5 5. c3 cxd4 6. cxd4 Nf6 7. Nc3 O-O 8. Bc4
Bg4 9. Be3 Nbd7 10. O-O Rc8 11. Bb3 a6 12. h3 Bxf3 13. Qxf3 e5 14. dxe5 dxe5
15. f5 Kh8 16. g4 Ng8 17. Rad1 Qe8 18. Rd2 Nc5 19. Nd5 Nxb3 20. axb3 f6 21.
Rfd1 Qb5 22. b4 Rf7 23. Bc5 Bh6 24. Nc3 Qc4 25. Rd7 a5 26. Qd3 Qxd3 27. R1xd3
Rxd7 28. Rxd7 Bc1 29. Na4 axb4 30. Bxb4 b5 31. Nc3 Bxb2 32. Nxb5 Bc1 33. Nd6
Be3+ 34. Kg2 Rc2+ 35. Kf3 Bc5 36. Nf7+ Kg7 37. Nxe5+ Ne7 38. Bxc5 Rxc5 39.
Rxe7+ Kg8 40. Nd7 Rc3+ 41. Ke2 Rxh3 42. Nxf6+ 1-0

[Event "Open Olimpico A Maggio"]
[Site "Torino ITA"]
[Date "2006.05.28"]
[Round "8"]
[White "Garofalo, Sergio"]
[Black "Llupa, Oltjon"]
[Result "0-1"]
[WhiteElo "1875"]
[BlackElo "1995"]
[PlyCount "104"]
[EventDate "2006.05.22"]

1. d4 d5 2. Nf3 c6 3. c4 Nf6 4. Nbd2 e6 5. e3 Nbd7 6. Bd3 b6 7. a3 a5 8. Ne5
Nxe5 9. dxe5 Nd7 10. f4 Qh4+ 11. g3 Qh3 12. Nf3 dxc4 13. Bf1 Qh6 14. Bxc4 Bb7
15. O-O Bc5 16. Qe2 O-O 17. Bd2 b5 18. Bd3 Rfd8 19. Ng5 g6 20. Ne4 Qf8 21. Rac1
Qe7 22. Rfd1 h5 23. Bb1 Qf8 24. b4 Be7 25. Nd6 Bxd6 26. exd6 Qxd6 27. Bc3 Qe7
28. Ba1 axb4 29. Qb2 e5 30. fxe5 bxa3 31. Qc3 b4 32. Qd4 Nf8 33. Qf4 Ne6 34.
Qf2 c5 35. Rd6 b3 36. Bc3 Ng5 37. Kf1 Rxd6 38. exd6 Qxd6 39. Qf6 Ba6+ 40. Ke1
Qxf6 41. Bxf6 Ne6 42. Be4 b2 43. Rd1 Rc8 44. Bb1 c4 45. Kd2 c3+ 46. Bxc3 Bc4
47. Bf6 Bb3 48. Rf1 Nc5 49. Bxb2 axb2 50. Kc3 Na4+ 51. Kxb3 Rc1 52. Rf4 Rxb1
0-1

[Event "Open Olimpico A Maggio"]
[Site "Torino ITA"]
[Date "2006.05.28"]
[Round "8"]
[White "Hofstetter, Hans Joachim"]
[Black "Fossati, Remigio"]
[Result "1-0"]
[WhiteElo "2222"]
[BlackElo "2181"]
[PlyCount "63"]
[EventDate "2006.05.22"]

1. e4 c5 2. Nf3 Nc6 3. d4 cxd4 4. Nxd4 Qc7 5. Nb5 Qb8 6. c4 Nf6 7. N1c3 a6 8.
Na3 e6 9. Nc2 b5 10. b3 b4 11. Na4 Nxe4 12. Be3 Qc7 13. Bd3 Nf6 14. O-O Be7 15.
f4 O-O 16. g4 d6 17. g5 Nd7 18. Bxh7+ Kxh7 19. Qh5+ Kg8 20. Rf3 f5 21. Nb6 Ncb8
22. Nxa8 Qc6 23. Nb6 Bb7 24. Nd5 exd5 25. Nd4 Qc8 26. Rh3 Nf6 27. gxf6 Bxf6 28.
Nxf5 Qe6 29. Nh6+ Kh7 30. Nf7+ Kg8 31. Ng5 Bxg5 32. fxg5 1-0

[Event "Open Olimpico A Maggio"]
[Site "Torino ITA"]
[Date "2006.05.28"]
[Round "8"]
[White "Ilic, Ljubomir"]
[Black "Sgaravatti, Francesco"]
[Result "1-0"]
[WhiteElo "2220"]
[BlackElo "2124"]
[PlyCount "115"]
[EventDate "2006.05.22"]

1. e4 e6 2. d3 d5 3. Nd2 Nf6 4. Ngf3 Nc6 5. g3 dxe4 6. dxe4 e5 7. Bg2 Bc5 8.
O-O O-O 9. c3 a5 10. Qe2 a4 11. Nc4 Qe7 12. Bg5 h6 13. Bxf6 Qxf6 14. Ne3 Bxe3
15. Qxe3 Rd8 16. Rfe1 Be6 17. Bf1 Na5 18. Kg2 b6 19. a3 Nc4 20. Bxc4 Bxc4 21.
Rad1 Bb3 22. Rd2 Rd6 23. Ree2 Rad8 24. Rxd6 Rxd6 25. Rd2 Bd1 26. Ne1 Qd8 27.
Rxd6 Qxd6 28. f3 c5 29. Qd3 Qxd3 30. Nxd3 f6 31. Kf2 Kf7 32. Ke3 Ke6 33. f4 g6
34. fxe5 fxe5 35. Nf2 Bc2 36. c4 h5 37. h4 Kf6 38. Nh3 Bd1 39. Kd2 Bb3 40. Kd3
Bd1 41. Nf2 Bb3 42. Kc3 Ke6 43. Nd3 Kd6 44. Nc1 Bd1 45. Kd3 Ke6 46. Na2 Kd6 47.
Nc3 Bb3 48. Nd5 b5 49. cxb5 Bxd5 50. exd5 Kxd5 51. b6 Kc6 52. Ke4 Kxb6 53. Kxe5
Kb5 54. Kd5 Kb6 55. Kc4 Kc6 56. b3 axb3 57. Kxb3 Kd5 58. Kc3 1-0